| 000 | 00491nam a22001457a 4500 | ||
|---|---|---|---|
| 008 | 230602b |||||||| |||| 00| 0 eng d | ||
| 040 |
_aNational Science Library _cNational Science Library |
||
| 080 |
_aR 639.2(058)(083.4) _bK7 |
||
| 245 |
_aYearbook of fishery statistics _c/ FAO |
||
| 260 |
_aRome: _bFood and Agriculture Organization of the United Nations, _c1966 |
||
| 500 | _aVol. 22 (Catches and landings; 1966) | ||
| 650 | _aStatistics | ||
| 653 | _aFishery | ||
| 942 |
_2udc _cYBK |
||
| 999 |
_c38666 _d38666 |
||